Issues in India Sri Lanka economies / (Record no. 85891)

MARC details
000 -LEADER
fixed length control field 00662nam a22002057a 4500
005 - DATE AND TIME OF LATEST TRANSACTION
control field 20140820121411.0
010 ## - LCCN (DPL NO)
LC control number ENG-110301
020 ## - INTERNATIONAL STANDARD BOOK NUMBER
International Standard Book Number 9788172113384
Terms of availability 900.00
020 ## - INTERNATIONAL STANDARD BOOK NUMBER
International Standard Book Number 8172113382
Terms of availability 900.00
035 ## - SYSTEM CONTROL NUMBER
System control number EN-93833
037 ## - SOURCE OF ACQUISITION
Source of stock number/acquisition DBAD/PUB
082 ## - DEWEY DECIMAL CLASSIFICATION NUMBER
Classification number 330.5405493
245 ## - TITLE STATEMENT
Title Issues in India Sri Lanka economies /
Statement of responsibility, etc edited by M.K. Agarwal
260 ## - PUBLICATION, DISTRIBUTION, ETC. (IMPRINT)
Place of publication, distribution, etc New Delhi
Name of publisher, distributor, etc Northern Book Centre
Date of publication, distribution, etc 2014
270 ## - ADDRESS
Address 4221/1 Ansari Road ,Darya Ganj
City New Delhi
Postal code 110002
300 ## - PHYSICAL DESCRIPTION
Extent xxxii,352p. :
Other physical details ill.
Dimensions 23cm(pbk)
500 ## - GENERAL NOTE
General note Includes bibliographical references and index
700 ## - ADDED ENTRY--PERSONAL NAME
Personal name Agarwal, M.K.
942 ## - ADDED ENTRY ELEMENTS (KOHA)
Source of classification or shelving scheme Dewey Decimal Classification
Item type English Books
Call number suffix ISS
Classification part 330.5405493
Holdings
Withdrawn status Lost status Not for loan Collection code Home library Current library Date acquired Source of acquisition Cost, normal purchase price Full call number Barcode Copy number Cost, replacement price Koha item type
    Not For Loan Non-fiction D.B.Act.Division D.B.Act.Division 01/07/2014 DBAD/PUB 900.00 330.5405493 ISS EN-93833 1 900.00 English Books

© Delhi Public Library
Hit Counter
free hit counter